All the Geography I know By Letter-M - Statistics

General Stats
  • This quiz has been taken 53 times
  • The average score is 59 of 95
Answer Stats
Hint Answer % Correct
Country bordering Indonesia,Brunei,and Thailand Malaysia
93%
Capital of the Australian State of Victoria Melbourne
93%
Another name for Burma Myanmar
93%
Capital of Russia Moscow
91%
Country where Timbuktu is located Mali
89%
Country bordering only Russia and China Mongolia
89%
Capital of Spain Madrid
87%
Country southwest of Sri Lanka Maldives
87%
Country in said Sea Malta
87%
Country bordering the U.s.a,Belize,and Guatemala Mexico
87%
Country in between Romania and Ukraine Moldova
87%
City in Bavaria Munich
87%
City in England Manchester
85%
Capital of Uruguay Montevideo
85%
Country in that Region Morocco
85%
Country in Oceania Marshall Islands
83%
Island Country Mauritius
83%
Capital of Belarus Minsk
83%
State of u.s/river Mississippi
83%
State of u.s Montana
83%
City in Quebec Montreal
83%
Skinny country with a lake named after it Malawi
80%
Capital of Nicaragua Managua
80%
Country just south of that Country Mauritania
80%
Sea in Southern Europe/Northern Africa Mediterranean
80%
State of u.s/river Missouri
80%
Capital of Liberia Monrovia
80%
City in India Mumbai
80%
City in Italy Massa
78%
State of u.s Massachusetts
78%
City in Saudi Arabia Mecca
78%
State of u.s Michigan
78%
City in Lombardy Milan
78%
Country along the Adriatic Sea Montenegro
78%
City in said Country Marrakech/Marrakesh
76%
State of u.s Minnesota
76%
Capital of Somalia Mogadishu
76%
Capital of Oman Muscat
76%
State of u.s Maine
74%
Province of Canada Manitoba
74%
City in France Marseille
74%
State of u.s Maryland
74%
City in Saudi Arabia Medina
74%
Island Country Madagascar
72%
City in Colombia(Known for a certain Escobar) Medellin
72%
City in Southern Florida Miami
72%
Balearic Island Majorca
70%
Capital of Bahrain Manama
70%
City in France/Capital of Vermont Montpelier
70%
Capital of the Above Male
67%
City in Sweden that is very close to Hovedstaden Malmo
67%
Country with a channel named after it Mozambique
65%
City in Southern Spain Malaga
63%
Capital of said country Maputo
63%
Capital of Eswatini/Swaziland Mbabane
63%
Capital of the Above Majuro
61%
Island/City in China Macau
59%
Group of people from Hungary Magyar
59%
Capital of Equatorial Guinea Malabo
59%
Capital of Lesotho Maseru
59%
Balearic Island Minorca
59%
City in Northern Brazil Manaus
57%
Region of Ancient Greece Macedonia
54%
French Island in the Caribbean Martinique
54%
City in Iraq Mosul
54%
Region of Northern Africa Maghreb
52%
"Sea" only bordering Turkey Marmara
52%
City in Northern(Country from before) Monterrey
50%
Region of China Manchuria
48%
City in Germany Mannheim
48%
City/Body of water in Venezuela Maracaibo
48%
City in Burma Mandalay
46%
Biggest city in Northern u.s state Minneapolis
41%
Jamaican City Montego Bay
41%
British Island in the Caribbean Montserrat
41%
City/Region of Spain Murcia
39%
City in Greece/Location of a battle in the Ancient World Marathon
37%
City in Iran Mashad/Mashhad
37%
City on Sicily Messina
37%
Region of ancient Ireland/City in Germany Munster
37%
City on the Yucatan Peninsula/in Spain Merida
35%
City/Region of Russia Murmansk
35%
City in Argentina Mendoza
33%
City on the Island of Sumatra Medan
30%
City in Italy Modena
28%
City in Pakistan Multan
22%
City in the D.R.C Mbuji Mayi
20%
City in Turkey Mersin
20%
City in Belarus Mogilev
20%
Region of Romania Moldavia
20%
City in Virginia Manassas
17%
Another city in said country Mexicali
15%
City in Tanzania Mwanza
15%
Region of Ireland Meath
13%
City in Kosovo Mitrovica
11%
No matching quizzes found
Score Distribution
Percent of People with Each Score
Percentile by Number Answered
Your Score History
You have not taken this quiz